| 000 | 00348nam a22001217a 4500 | ||
|---|---|---|---|
| 082 |
_a004 _bCBSE/C |
||
| 100 | _aCENTRAL BOARD OF SECONDARY EDUCATION | ||
| 245 |
_aCOMPUTER SCIENCE C++ 2012 COMPARTMENT _bCLASS XII |
||
| 260 |
_aDELHI _bSATISH AND BROTHERS |
||
| 300 | _a424 | ||
| 650 |
_aQUESTION PAPERS WITH ANSWERS CS FOR CLASSXII _zINDIA |
||
| 942 | _cBK | ||
| 999 |
_c580 _d580 |
||